Antonio Machado para niños y niñas_ y otros seres curiosos / (Record no. 186308)

MARC details
000 -LEADER
campo de control de longitud fija 01152nam a2200313 i 4500
001 - NÚMERO DE CONTROL
campo de control 186308
003 - IDENTIFICADOR DE NÚMERO DE CONTROL
campo de control ES-MaACL
005 - FECHA Y HORA DE LA ÚLTIMA TRANSACCIÓN
campo de control 20250825062636.0
008 - DATOS DE LONGITUD FIJA--INFORMACIÓN GENERAL
campo de control de longitud fija 161006s2010 sp ac |||| |dspa d
020 ## - NÚMERO INTERNACIONAL ESTÁNDAR DEL LIBRO
Número Internacional Estándar del Libro 978-84-7960-464-6
080 ## - NÚMERO DE LA CLASIFICACIÓN DECIMAL UNIVERSAL
Número de la Clasificación Decimal Universal 087.5:82
080 ## - NÚMERO DE LA CLASIFICACIÓN DECIMAL UNIVERSAL
Número de la Clasificación Decimal Universal 821.134.2-14"19"
100 1# - ENTRADA PRINCIPAL--NOMBRE DE PERSONA
Nombre de persona Machado, Antonio,
Fechas asociadas al nombre 1875-1939
9 (RLIN) 75151
245 10 - MENCIÓN DEL TÍTULO
Título Antonio Machado para niños y niñas_ y otros seres curiosos /
Mención de responsabilidad, etc. poemas de Antonio Machado ; ilustraciones de Tesa González.
250 ## - MENCION DE EDICION
Mención de edición 2ª ed.
260 ## - PUBLICACIÓN, DISTRIBUCIÓN, ETC.
Lugar de publicación, distribución, etc. Madrid :
Nombre del editor, distribuidor, etc. Ediciones de la Torre,
Fecha de publicación, distribución, etc. 2010.
300 ## - DESCRIPCIÓN FÍSICA
Extensión 45 p. :
Otras características físicas il. col., retr. ;
Dimensiones 23 x 24 cm.
490 1# - MENCIÓN DE SERIE
Mención de serie Alba y mayo color ;
Designación de volumen o secuencia 2
490 1# - MENCIÓN DE SERIE
Mención de serie Ediciones de la Torre ;
Designación de volumen o secuencia 488
650 #4 - PUNTO DE ACCESO ADICIONAL DE MATERIA--TÉRMINO DE MATERIA
Término de materia o nombre geográfico como elemento de entrada Poesías-
Subdivisión de forma Libros infantiles.
9 (RLIN) 142901
655 #7 - TERMINO DE INDIZACIÓN--GENERO/FORMA
Datos o término principal de género/forma Libros infantiles
Fuente del término tgfbne
9 (RLIN) 226786
700 1# - ENTRADA AGREGADA--NOMBRE PERSONAL
Nombre de persona González, Tesa,
Fechas asociadas al nombre 1962-
9 (RLIN) 161069
830 1# - PUNTO DE ACCESO ADICIONAL DE SERIE-TÍTULO UNIFORME
Título uniforme Alba y mayo color ;
Designación de volumen o secuencia 2
9 (RLIN) 192505
830 1# - PUNTO DE ACCESO ADICIONAL DE SERIE-TÍTULO UNIFORME
Título uniforme Ediciones de la Torre ;
Designación de volumen o secuencia 488
9 (RLIN) 192503
852 4# - LOCALIZACIÓN
Ubicación ES-MaACL
Número de control de estantería A-13953
Nota libre Encuadernación de cartoné
itemnumber 193363
Sublocalización o colección R.151238
Ubicación en estantería Depósito 1
Signatura antigua Olim: N-6953
942 ## - ELEMENTOS DE ENTRADA SECUNDARIOS (KOHA)
Fuente del sistema de clasificación o colocación Clasificación decimal universal
Tipo de ítem Koha Libro impreso
Holdings
Estatus retirado Estado de pérdida Fuente del sistema de clasificación o colocación Estado de daño No para préstamo Biblioteca de origen Biblioteca actual Ubicación en estantería Fecha de adquisición Fuente de adquisición Total de préstamos Signatura topográfica completa Código de barras Visto por última vez Precio de reemplazo Tipo de ítem Koha
    Clasificación decimal universal     Biblioteca del Ateneo de Madrid Biblioteca del Ateneo de Madrid Depósito 1 06/10/2016 Donación   A-13953 1196439 23/02/2023 23/02/2023 Libro impreso